Вып. 38 : Геологическое строение и полезные ископаемые СЗ части Салаирского кряжа (Легостаевский район); Материалы по геологии Западно-Сибирского края

Opis bibliograficzny
Parent link:Материалы по геологии Западно-Сибирского края=Records of the geology of the west Siberian region/ Западно-Сибирский геологоразведочный трест. Вып. 38 : Геологическое строение и полезные ископаемые СЗ части Салаирского кряжа (Легостаевский район).— , 1933-1937
1. autor: Зенкова А. А.
Kolejni autorzy: Матвеевская А. Л. (редактор), Усов М. А. Михаил Антонович
Język:rosyjski
Wydane: 1937
Hasła przedmiotowe:
Format: MixedMaterials Książka
KOHA link:https://koha.lib.tpu.ru/cgi-bin/koha/opac-detail.pl?biblionumber=203107

MARC

LEADER 00000nam2a2200000 4500
001 203107
005 20231101225130.0
035 |a (RuTPU)RU\TPU\book\221324 
035 |a RU\TPU\book\221264 
090 |a 203107 
100 |a 20111027d1937 k y0rusy50 ca 
101 0 |a rus 
102 |a RU 
105 |a b z 001zy 
200 0 |a Вып. 38 : Геологическое строение и полезные ископаемые СЗ части Салаирского кряжа (Легостаевский район)  |f А. А. Зенкова, А. Л. Матвеевская  |g отв. ред. М. А. Усов 
210 |d 1937 
215 |a 32 с.  |c карты 
317 |5 63413507: КР-975  |a Поступила в НТБ в 2004 г. в составе книжного собрания профессора ТПИ К. В. Радугина. 
320 |a Библиогр. в конце ст. 
461 0 |0 (RuTPU)RU\TPU\book\221179  |t Материалы по геологии Западно-Сибирского края  |l Records of the geology of the west Siberian region  |f Западно-Сибирский геологоразведочный трест  |v Вып. 38 : Геологическое строение и полезные ископаемые СЗ части Салаирского кряжа (Легостаевский район)  |d 1933-1937 
606 1 |a Геология  |y Западная Сибирь  |2 stltpush  |3 (RuTPU)RU\TPU\subj\70290  |9 84644 
610 1 |a стратиграфия 
610 1 |a полезные ископаемые 
610 1 |a средний девон 
610 1 |a формации 
610 1 |a реки 
610 1 |a Салаирский кряж 
610 1 |a Библиотека К. В. Радугина 
610 1 |a Библиотека М. А. Усова 
675 |a 55(571.1)  |v 3 
700 1 |a Зенкова  |b А. А. 
701 1 |a Матвеевская  |b А. Л. 
702 1 |a Усов  |b М. А.  |c российский геолог  |c профессор Томского технологического института  |f 1883-1939  |g Михаил Антонович  |2 stltpush  |3 (RuTPU)RU\TPU\pers\1941  |4 340 
801 1 |a RU  |b 63413507  |c 20111025 
801 2 |a RU  |b 63413507  |c 20221114  |g RCR 
942 |c BK